Letters to William Hayward /

Bibliographic Details
Main Author: Jones, David, 1895-1974
Other Authors: Hayward, William, 1931-1967, Wilcockson, Colin
Format: Book
Language:English
Published: London : Agenda Editions, 1979.
Subjects:

MARC

Tag First Indicator Second Indicator Subfields
LEADER 00000cam a2200000 i 4500
001 in00000093593
005 20161101090146.0
008 800102s1979 enkbfh b 000 0aeng
010 |a  79321865  
015 |a GB79-16135 
020 |a 090240024X :  |c 3.60 ($8.00 U.S.) 
035 |a (OCoLC)05757491 
035 |9 AAL5440AM 
040 |a DLC  |c DLC  |d TXA  |d UtOrBLW 
049 |a TXAM  |c [1159374] 
050 0 0 |a PR6019.O53  |b A835 1979 
082 0 |a 821/.912 
100 1 |a Jones, David,  |d 1895-1974. 
245 1 0 |a Letters to William Hayward /  |c David Jones ; edited by Colin Wilcockson. 
264 1 |a London :  |b Agenda Editions,  |c 1979. 
300 |a 79 pages, 2 unnumbered leaves of plates :  |b facsimiles, map ;  |c 22 cm. 
336 |a text  |b txt  |2 rdacontent 
337 |a unmediated  |b n  |2 rdamedia 
338 |a volume  |b nc  |2 rdacarrier 
504 |a Includes bibliographical references. 
600 1 0 |a Jones, David,  |d 1895-1974.  |t Anathemata. 
600 1 0 |a Jones, David,  |d 1895-1974  |x Correspondence. 
650 0 |a Authors, English  |y 20th century  |v Correspondence. 
700 1 |a Hayward, William,  |d 1931-1967. 
700 1 |a Wilcockson, Colin. 
948 |a updated  |b h  |c 2016/11/1  |d c  |e mkeyser  |f 8:59:55 am 
999 |a MARS 
999 f f |s 937b034c-9ced-3c93-8232-a4e09cef8e59  |i 67a152bb-6a6c-3426-94a4-3e2e3b0ee866  |t 0 
952 f f |p noncirc  |a Texas A&M University  |b College Station  |c Cushing Memorial Library & Archives  |d Cushing: Celtic Literature (Does not check out)  |t 0  |e PR6019.O53 A835 1979  |h Library of Congress classification  |i unmediated -- volume 
952 f f |p ric  |a Texas A&M University  |b Rellis Campus  |c Joint Library Facility  |d Remote Storage  |t 0  |e PR6019.O53 A835 1979  |h Library of Congress classification  |i unmediated -- volume  |m A14803999807 
998 f f |a PR6019.O53 A835 1979  |t 0  |l Cushing: Celtic Literature (Does not check out) 
998 f f |a PR6019.O53 A835 1979  |t 0  |l Remote Storage